000 00537nam a22001817a 4500
005 20251108171921.0
008 250721s2004 xx 000 0 ara d
082 1 4 _a658.404/معر
100 1 _aمعروف، هوشيار
245 1 0 _aدراسات الجدوى الإقتصادية و تقييم المشروعات /
264 1 _aعمان :
_bدار صفاء،
_c2004.
300 _a288ص
650 1 7 _aالإدارة
650 1 7 _aالتنظيم
650 1 7 _aإدارة المشاريع
942 _2ddc
_cBK
999 _c65879
_d65879